[Event "Gallipoli Salento op 9th"]
[Site "Gallipoli"]
[Date "2020.09.20"]
[Round "2"]
[White "Bandieramonte, Enrico"]
[Black "Rinaldi, Mario"]
[Result "1-0"]
[WhiteElo "1604"]
[BlackElo "1470"]
[PlyCount "153"]
[EventDate "2020.09.19"]
[EventType "swiss"]
[EventRounds "9"]
[EventCountry "ITA"]
[SourceTitle "CBM 198 Extra"]
[Source "ChessBase"]
[SourceDate "2020.11.30"]
[SourceVersion "1"]
[SourceVersionDate "2020.11.30"]
[SourceQuality "1"]

1. Nf3 d6 2. g3 e5 3. d3 b6 4. Bg2 Bb7 5. 0-0 Nf6 6. c4 c5 7. Nc3 Be7 8. a3 0-0 9. b4 Qd7 10. bxc5 bxc5 11. Rb1 Nc6 12. Qa4 Rab8 13. Be3 Ba8 14. Nd2 Nd4 15. Qxd7 Nxd7 16. Bxa8 Rxa8 17. Rb7 Rfd8 18. Rfb1 Bf8 19. f4 f6 20. fxe5 dxe5 21. Nb3 Nb6 22. Kf1 Rdb8 23. Rxb8 Rxb8 24. Na5 h6 25. Bc1 Nd7 26. Rxb8 Nxb8 27. Nb7 Kf7 28. Ne4 Nd7 29. a4 Nc2 30. e3 Ke6 31. Ke2 f5 32. Nc3 Nb6 33. a5 Nd7 34. Nd8+ Kd6 35. Nb5+ Ke7 36. Nc6+ Ke6 37. Ncxa7 Nb8 38. Nc7+ Kd7 39. Nab5 Nb4 40. Bb2 N8c6 41. a6 Bd6 42. Nxd6 Kxc7 43. Ne8+ Kd7 44. Nxg7 f4 45. a7 Nxa7 46. Bxe5 Nbc6 47. Bxf4 Ne7 48. Bxh6 Ng8 49. Bg5 Nc6 50. Nh5 Ke6 51. g4 Ne5 52. h3 Kf7 53. Nf4 Nd7 54. Bd8 Nh6 55. Nd5 Ke6 56. Kf3 Ne5+ 57. Ke4 Nhf7 58. Nf4+ Kd7 59. Bf6 Nc6 60. Kd5 Nb4+ 61. Kxc5 Nc2 62. e4 Ne3 63. g5 Ke8 64. Nd5 Ng2 65. g6 Nh6 66. h4 Ne1 67. d4 Nf3 68. h5 Ng4 69. e5 Nh6 70. Bg7 Nf5 71. Nf6+ Ke7 72. h6 N3xd4 73. Nd5+ Ke8 74. Nf4 Nf3 75. h7 Nxg7 76. h8Q+ Kd7 77. Qxg7+ 1-0